000 00258nam a2200097Ia 4500
001 643441
005 20250826153545.0
008 250824s9999 xx 000 0 und d
245 0 _aKAYIP FERMAN ALPARSLANIN AKINCISI
_cİSMAİL BİLGİN
260 _bGENÇ TİMAŞ
999 _c643441
_d643441